000
00202nam a2200085 4500
001
1243885
005
20251017133055.0
245
_a
BAŞARIYA GİDEN YOL
_c
AHMET ŞERİF İZGÖREN
260
_b
ELMA YAYINEVİ
999
_c
1243885
_d
1243885